| 000 | 00888cam a2200253 4500 | ||
|---|---|---|---|
| 008 | 090401t1993 xxu||||| |||| 00| 0 eng d | ||
| 020 | _a0442013833 | ||
| 035 | _a(Sirsi) u36849 | ||
| 041 | _aeng | ||
| 050 | _a721.042 | ||
| 100 | _aSterling, Raymond L. | ||
| 245 | _aUnderground space design: a guide to subsurface utilization and design for people in underground spaces. | ||
| 260 |
_aNew York _bVan Nostrand Reinhold _c1993 |
||
| 300 | _aviii,328p. : ill. ; 28cm. | ||
| 350 | _a54.5 | ||
| 520 | _aIn two parts; Overview of Subsurface Space Utilization, by Raymond L. Sterling and Design for People in Underground Facilties, by John Carmody. | ||
| 650 | _aBUILT ENVIRONMENT-CONSTRUCTION DESIGN | ||
| 650 | _aUNDERGROUND CONSTRUCTION | ||
| 650 | _aUNDERGROUND SPACE | ||
| 650 | _aUNDERGROUND STRUCTURES | ||
| 700 | _aCarmody, John | ||
| 942 | _n0 | ||
| 948 | _c04/03/1997 | ||
| 999 |
_c90392 _d90392 |
||